Sports Quiz

Random Sports or College Quiz

NCAA Sugar Bowl Participants Quiz Stats

 Plays Quiz not verified by Sporcle

Score 0/50 Timer 08:00
0 Plays Today
# Games Schools/Teams % Correct
14Alabama Crimson Tide
99.3%
13LSU Tigers
98.5%
9Florida Gators
98.5%
3Texas Longhorns
98.1%
9Georgia Bulldogs
96.6%
7Oklahoma Sooners
96%
6Florida State Seminoles
96%
2Michigan Wolverines
94.8%
5Auburn Tigers
94.6%
4Miami Hurricanes
94.4%
4Ohio State Buckeyes
93.3%
7Tennessee Volunteers
93.1%
1Virginia Cavaliers
92.4%
4Notre Dame Fighting Irish
92%
6Arkansas Razorbacks
91.9%
8Ole Miss Rebels
91.3%
4Virginia Tech Hokies
91.3%
4Penn State Nittany Lions
89.9%
2Texas A&M Aggies
87.1%
4Nebraska Cornhuskers
85.5%
4Georgia Tech Yellow Jackets
85.4%
3West Virginia Mountaineers
82.3%
1Kentucky Wildcats
82.1%
1Clemson Tigers
82%
1Louisville Cardinals
81.2%
# Games Schools/Teams % Correct
1Utah Utes
80.5%
1Oklahoma A&M Cowboys
80%
2North Carolina Tar Heels
79.8%
3Pittsburgh Panthers
78.7%
2Syracuse Orange
78.4%
1Illinois Fighting Illini
77.5%
2Missouri Tigers
77.4%
2TCU Horned Frogs
75.4%
1Maryland Terrapins
73.4%
1Duke Blue Devils
73%
1Hawai'i Warriors
72.4%
1Baylor Bears
68.9%
1Navy Midshipmen
68.2%
1Cincinnati Bearcats
67.5%
2Tulane Green Wave
66.3%
1Boston College Eagles
64.4%
1Rice Owls
53.1%
1Air Force Falcons
48.2%
2Tulsa Golden Hurricane
37.3%
1Temple Owls
32.8%
1Wyoming Cowboys
32.3%
2Santa Clara Broncos
14.9%
1Fordham Rams
12.2%
1St Mary's Gaels
11.4%
1Carnegie Tech Tartans
7.7%

You're not logged in!

Compare scores with friends on all Sporcle quizzes.
OR
Log In

Show Comments

Extras

Top Quizzes Today


Score Distribution

Your Account Isn't Verified!

In order to create a playlist on Sporcle, you need to verify the email address you used during registration. Go to your Sporcle Settings to finish the process.

Report this User

Report this user for behavior that violates our Community Guidelines.

Details: